Spieler, die Simon Whitlock bei der Darts WM besiegten - Statistiken

Allgemein
  • Dieses Quiz wurde 84 mal gespielt
    9 seit der letzten Aktualisierung
  • Das Durchschnittsergebnis liegt bei 11 aus 17
Antwortstatistiken
Jahr Runde Nationalität Spieler % Korrekt
2024 2. Runde Schottland Gary Anderson
100%
2020 Achtelfinale Wales Gerwyn Price
100%
2021 3. Runde Polen Krzysztof Ratajski
100%
2014 Halbfinale Schottland Peter Wright
100%
2010 Finale England Phil Taylor
100%
2013 Viertelfinale Niederlande Raymond van Barneveld
100%
2023 2. Runde Portugal José de Sousa
86%
2026 1. Runde England Connor Scutt
71%
2012 Halbfinale England Andy Hamilton
43%
2015 1. Runde England Darren Webster
43%
2017 2. Runde England Darren Webster
43%
2018 2. Runde England Darren Webster
43%
2019 2. Runde England Ryan Joyce
43%
2003 Achtelfinale Wales Richie Burnett
29%
2016 1. Runde England Ricky Evans
29%
2022 2. Runde Niederlande Martijn Kleermaker
14%
2011 Achtelfinale Niederlande Vincent van der Voort
14%
Keine übereinstimmenden Quizze gefunden
Verteilung der Resultate
Anzahl Personen mit jedem Resultat
Perzentil nach korrekt beantworteten Fragen
Ihre Resultats-Entwicklung
Sie haben dieses Quiz seit der letzten Aktualisierung nicht gespielt